| 000 | 00414nam a22001457a 4500 | ||
|---|---|---|---|
| 020 | _a9788126534456 | ||
| 082 | _a621.3845 WES | ||
| 100 | _aWesolowski, Krzysztof | ||
| 245 | _aMobile communication systems | ||
| 260 |
_aNew Delhi, India _bWiley _c2002 |
||
| 300 |
_axvi, 449 p. _bill. ; |
||
| 500 | _aIncludes index. | ||
| 650 | _a1. Mobile communication systems. 2. Wireless communication systems. | ||
| 942 | _cBK | ||
| 999 |
_c12653 _d12653 |
||